000 00834nam a2200253Ia 4500
005 20240530110935.0
008 140319s1998 xx 000 0 ara d
020 _a9772930188
040 _aGCL /
_cGCL
082 0 4 _a362.7042 /
_bا ش
100 1 _aاسماعيل ابراهيم
245 1 0 _aالشباب بين التطرف والانحراف /
_cتاليف اسماعيل ابراهيم
250 _aالاولى
260 _aالقاهرة :
_bمكتبة الدار العربية للكتاب،
_c1998
300 _a164 ص ؛
_c24 سم
650 0 4 _aالعنف
650 0 4 _aالشباب
650 0 4 _aعلم النفس الاجتماعى
650 0 4 _aالتطرف
650 0 4 _aالانحراف
653 _aعبدة الشيطان
942 _2ddc
_cBK
999 _c66720
_d66720